Statistics for FIFA Ballon D'Or 2010

Click here to take the quiz!

General Stats

  • This quiz has been taken 152 times
  • The average score is 15 of 23

Answer Stats

RankPlayerClub% Correct
1Lionel MessiBarcelona
99%
2Andrés IniestaBarcelona
96%
3XaviBarcelona
96%
6Cristiano RonaldoReal Madrid
95%
7Iker CasillasReal Madrid
78%
8David VillaValencia/Barcelona
77%
9Didier DrogbaChelsea
76%
15Thomas MüllerBayern Munich
75%
12Samuel Eto'oInter Milan
73%
4Wesley SneijderInter Milan
70%
22Philipp LahmBayern Munich
69%
14Arjen RobbenBayern Munich
67%
11Carles PuyolBarcelona
66%
5Diego ForlánAtletico Madrid
62%
13Mesut ÖzilReal Madrid
58%
16Bastian SchweinsteigerBayern Munich
56%
10Xabi AlonsoReal Madrid
52%
20Cesc FàbregasArsenal
47%
23Dani AlvesBarcelona
40%
19Júlio CésarInter Milan
37%
21Miroslav KloseBayern Munich
34%
17MaiconInter Milan
32%
18Asamoah GyanSunderland
14%

Score Distribution

Percentile by Number Answered

Percent of People with Each Score

Your Score History

You have not taken this quiz